| 000 | 00673nam a2200241Ia 4500 | ||
|---|---|---|---|
| 003 | OSt | ||
| 005 | 20221007111724.0 | ||
| 006 | a|||||r|||| 00| 0 | ||
| 007 | ta | ||
| 008 | 221006b |||||||| |||| 00| 0 eng d | ||
| 024 | _a24,183 | ||
| 037 | _cTextual | ||
| 040 |
_aLCO _cLCO _beng |
||
| 041 |
_2eng _aeng |
||
| 082 | _aX:5:(Z1), G6 | ||
| 100 | _aHaberler Gottfried Von | ||
| 245 | 0 | _aTheory of International Trade with its Applications to Commercial Policy | |
| 260 |
_aNew _bJersey Augustus M. Kelley U.S.A. _c1936 |
||
| 300 | _a408 | ||
| 650 | _aTRADE | ||
| 942 |
_hX:5:(Z1), G6 _cTEXL |
||
| 999 |
_c1193746 _d1193746 |
||